مكتبة جامعة عجلون الوطنية

فهرس بحث المكتبة

Modeling and Simulation -Based life cycle Engineering (Record no. 2660)

MARC details
000 -LEADER
fixed length control field 00730nam a2200229Ii 4500
003 - CONTROL NUMBER IDENTIFIER
control field JO-AjNU
008 - FIXED-LENGTH DATA ELEMENTS--GENERAL INFORMATION
fixed length control field 230606s9999||||xx |||||||||||||| ||und||
020 ## - INTERNATIONAL STANDARD BOOK NUMBER
International Standard Book Number 0-415-26644-0
040 ## - CATALOGING SOURCE
Original cataloging agency JO-AjNU
Language of cataloging eng
Description conventions rda
Transcribing agency JO-AjNU
041 ## - LANGUAGE CODE
Language code of text/sound track or separate title eng
050 14 - LIBRARY OF CONGRESS CALL NUMBER
Classification number TS183.M59 2002
100 3# - MAIN ENTRY--PERSONAL NAME
Personal name Chong, Ken/Sunil saigal, Stefan Thynell.Harold Morgan,
Relator term author
9 (RLIN) 5149
245 00 - TITLE STATEMENT
Title Modeling and Simulation -Based life cycle Engineering
250 ## - EDITION STATEMENT
Edition statement 1 ed
264 31 - PRODUCTION, PUBLICATION, DISTRIBUTION, MANUFACTURE, AND COPYRIGHT NOTICE
Place of production, publication, distribution, manufacture London:spon press, 2002
300 ## - PHYSICAL DESCRIPTION
Extent 346p
336 ## - CONTENT TYPE
Content type term text
Content type code txt
Source rdacontent
337 ## - MEDIA TYPE
Media type term unmediated
Media type code n
Source rdamedia
338 ## - CARRIER TYPE
Carrier type term volume
Carrier type code nc
Source rdacarrier
490 0# - SERIES STATEMENT
Series statement structural engineering
650 #4 - SUBJECT ADDED ENTRY--TOPICAL TERM
Topical term or geographic name entry element Modeling and Simulation -Based life cycle Engineering
9 (RLIN) 5150
Holdings
Withdrawn status Lost status Source of classification or shelving scheme Damaged status Not for loan Home library Current library Shelving location Date acquired Total Checkouts Full call number Barcode Date last seen Price effective from Koha item type
    Library of Congress Classification     مكتبة جامعة عجلون الوطنية مكتبة جامعة عجلون الوطنية المجموعات العامة 06/06/2023   TS183.M59 2002 E2662 06/06/2023 06/06/2023 Books